Advances in algebraic geometry motivated in physics : AMS Special Session on Enumerative Geometry in Physics, April 1-2, 2000, University of Massachusetts, Lowell Massachusetts

Αποθηκεύτηκε σε:
Λεπτομέρειες βιβλιογραφικής εγγραφής
Συγγραφή απο Οργανισμό/Αρχή: AMS Special Session on Enumerative Geometry in Physics University of Massachusetts
Άλλοι συγγραφείς: Previato, Emma (Επιμελητής έκδοσης)
Μορφή: Πρακτικό Συνεδρίου Βιβλίο
Γλώσσα:English
Δημοσίευση: Providence, R.I. : American Mathematical Society, c2001
Σειρά:Contemporary mathematics (American Mathematical Society) ; ; 276
Θέματα:
Ετικέτες: Προσθήκη ετικέτας
Δεν υπάρχουν, Καταχωρήστε ετικέτα πρώτοι!

MARC

LEADER 00000cam a2200000 i 4500
001 1/66177
008 041119s2001 eng d
020 |a 082182810X 
035 |l 10075352 
040 |a GR-MY-UA  |b gre  |e aacr 
041 0 |a eng 
082 0 |a 530.15636  |2 (21) 
111 2 |a AMS Special Session on Enumerative Geometry in Physics   |d (2000 :   |c University of Massachusetts) 
245 1 0 |a Advances in algebraic geometry motivated in physics :  |b AMS Special Session on Enumerative Geometry in Physics, April 1-2, 2000, University of Massachusetts, Lowell Massachusetts /  |c Emma Previato, editor 
260 |a Providence, R.I. :   |b American Mathematical Society,   |c c2001 
300 |a xi, 294 σ.;  |b εικ.;  |c 26 εκ. 
490 1 |a Contemporary mathematics  |v ; 276 
504 |a Περιέχει βιβλιογραφικές αναφορές 
650 0 0 |a Geometry, Algebraic  |x Congresses. 
650 0 0 |a Mathematical physics  |x Congresses. 
700 1 |a Previato, Emma.  |4 edt 
830 0 |a Contemporary mathematics (American Mathematical Society) ;  |v ; 276 
852 |a INST  |b SAMOS  |e 20041119  |h 530.15635 AMS  |p 005300022724  |q 005300022724  |t BK  |y 0 
901 |a BIBL3-2004-3 
909 |a Σ  |b 116389 
922 |a 3ΕΛΗ  |b 200409  |c ΕΠΕΑΕΚ2/ΤΜΗΜΑ ΜΑΘΗΜΑΤΙΚΩΝ  |d ΜΙΧΑΛΟΠΟΥΛΟΣ 
950 |a 116-2004-09-30 
970 |a ΚΟΣΙΕΡΗΣ  |b ΧΡΗΣΤΟΣ  |z 2004/12/08